[Event "Novosibirsk Sukharev Memorial Seniors"]
[Site "Novosibirsk"]
[Date "2012.07.23"]
[Round "6"]
[White "Litvinov, Yuriy"]
[Black "Romanov, Viktor"]
[Result "0-1"]
[WhiteElo "2037"]
[BlackElo "1977"]
[PlyCount "73"]
[EventDate "2012.07.18"]
[EventType "swiss"]
[EventRounds "9"]
[EventCountry "RUS"]
[SourceTitle "EXT 2014"]
[Source "ChessBase"]
[SourceDate "2013.11.20"]
[SourceVersion "1"]
[SourceVersionDate "2013.11.20"]
[SourceQuality "1"]

1. e4 e6 2. d4 d5 3. Bd3 c5 4. c3 Nc6 5. Nf3 Nf6 6. e5 Nd7 7. 0-0 Be7 8. Re1 a6 9. Nbd2 b5 10. a3 Qb6 11. dxc5 Bxc5 12. Re2 a5 13. Nb3 Ba6 14. Nxc5 Qxc5 15. b4 Qb6 16. Bf4 Qc7 17. Qd2 Nb6 18. h4 Nc4 19. Qc2 h6 20. h5 a4 21. Bxc4 dxc4 22. Rd1 0-0 23. Qc1 Rfd8 24. Rd6 Bb7 25. Bxh6 Rxd6 26. exd6 Qxd6 27. Bxg7 Kxg7 28. Qg5+ Kh7 29. Qf6 Qe7 30. Ng5+ Kg8 31. Qf4 Rd8 32. Ne4 f5 33. Re3 fxe4 34. Rg3+ Kh7 35. Qg4 Ne5 36. h6 Qf6 37. Qh5 0-1

[Event "Novosibirsk Sukharev Memorial Seniors"]
[Site "Novosibirsk"]
[Date "2011.07.22"]
[Round "5"]
[White "Merkuriev, Vyacheslav Aleksand"]
[Black "Litvinov, Yuriy"]
[Result "1-0"]
[WhiteElo "1985"]
[BlackElo "2307"]
[PlyCount "111"]
[EventDate "2011.07.18"]
[EventType "swiss"]
[EventRounds "9"]
[EventCountry "RUS"]
[SourceTitle "EXT 2014"]
[Source "ChessBase"]
[SourceDate "2013.11.20"]
[SourceVersion "1"]
[SourceVersionDate "2013.11.20"]
[SourceQuality "1"]

1. e4 c6 2. d4 d5 3. exd5 cxd5 4. c4 e6 5. Nc3 Nc6 6. Nf3 Bb4 7. a3 Bxc3+ 8. bxc3 Nf6 9. cxd5 exd5 10. Bd3 h6 11. 0-0 0-0 12. h3 Qc7 13. Re1 Be6 14. Bb2 Rfe8 15. Qc2 Rac8 16. Rac1 Qf4 17. Qd2 Nh5 18. Qxf4 Nxf4 19. Bf1 g5 20. Kh2 Na5 21. Ne5 f6 22. Ng4 Kg7 23. g3 Bxg4 24. hxg4 Ng6 25. a4 Nc4 26. Rxe8 Rxe8 27. Bxc4 dxc4 28. Rc2 Ne7 29. Re2 Kf7 30. Kg2 Rd8 31. Kf1 Nd5 32. Ba1 Rd7 33. a5 b5 34. axb6 axb6 35. Ra2 b5 36. Ra5 Rb7 37. Ke2 Ke6 38. Kf3 Kd6 39. Ra6+ Rb6 40. Rxb6+ Nxb6 41. Ke4 Nd5 42. Bb2 Ke6 43. f3 b4 44. cxb4 h5 45. f4 hxg4 46. f5+ Kd6 47. b5 Nb6 48. Ba3+ Kc7 49. Bb4 Na4 50. Ba5+ Kd6 51. Bb4+ Kc7 52. d5 Kd7 53. Kd4 Nb2 54. b6 Na4 55. Ba5 c3 56. b7 1-0

[Event "Novosibirsk Seniors op"]
[Site "Novosibirsk"]
[Date "2010.10.04"]
[Round "9"]
[White "Konjkov, Victor"]
[Black "Litvinov, Yuriy"]
[Result "1/2-1/2"]
[WhiteElo "2004"]
[BlackElo "2307"]
[PlyCount "68"]
[EventDate "2010.09.24"]
[EventType "swiss"]
[EventRounds "9"]
[EventCountry "RUS"]
[SourceTitle "EXT 2014"]
[Source "ChessBase"]
[SourceDate "2013.11.20"]
[SourceVersion "1"]
[SourceVersionDate "2013.11.20"]
[SourceQuality "1"]

1. e4 c6 2. Nc3 d5 3. Nf3 dxe4 4. Nxe4 Nf6 5. Nxf6+ exf6 6. d4 Bd6 7. Bc4 0-0 8. 0-0 Bg4 9. Qd3 Nd7 10. Bd2 Rc8 11. Bb3 Bb8 12. h3 Bh5 13. g3 Bg6 14. Qe2 Re8 15. Be3 f5 16. Qd2 Nf6 17. Nh4 Ne4 18. Qc1 Qf6 19. c3 Bh5 20. Bf4 g5 21. Bxb8 Rxb8 22. Ng2 Kh8 23. Bd1 Bg6 24. Kh2 Qd6 25. Bf3 f6 26. Bxe4 Rxe4 27. Qd2 Rbe8 28. Rae1 f4 29. gxf4 gxf4 30. f3 Rxe1 31. Rxe1 Re3 32. Rf1 Bh5 33. Qd1 Re7 34. Qd2 Re3 1/2-1/2

[Event "Novosibirsk Seniors op"]
[Site "Novosibirsk"]
[Date "2010.09.30"]
[Round "6"]
[White "Litvinov, Yuriy"]
[Black "Maslov, Vladimir"]
[Result "1/2-1/2"]
[WhiteElo "2307"]
[BlackElo "2343"]
[PlyCount "154"]
[EventDate "2010.09.24"]
[EventType "swiss"]
[EventRounds "9"]
[EventCountry "RUS"]
[SourceTitle "EXT 2014"]
[Source "ChessBase"]
[SourceDate "2013.11.20"]
[SourceVersion "1"]
[SourceVersionDate "2013.11.20"]
[SourceQuality "1"]

1. d4 d5 2. Bf4 Nf6 3. e3 Bg4 4. f3 Bd7 5. Bd3 Nh5 6. Bg5 Nc6 7. c3 Nf6 8. Nd2 e6 9. f4 Be7 10. Ngf3 Ng8 11. 0-0 h6 12. Bxe7 Qxe7 13. b4 Nf6 14. b5 Nd8 15. a4 0-0 16. Ne5 b6 17. g4 Nh7 18. Ndf3 Be8 19. Bxh7+ Kxh7 20. g5 f5 21. Qe1 h5 22. g6+ Bxg6 23. Ng5+ Kh6 24. Qg3 Nb7 25. Nxg6 Kxg6 26. Nxe6+ Kh6 27. Qg5+ Qxg5+ 28. fxg5+ Kg6 29. Nxf8+ Rxf8 30. h4 Na5 31. Rae1 Rf7 32. Rf3 Nc4 33. Re2 Re7 34. Kf2 Re4 35. Rf4 Re8 36. Rf3 Re4 37. Rh3 Re7 38. Ke1 Re4 39. Kf2 Re7 40. Rh1 Re4 41. Kf3 Re7 42. Rhe1 Re4 43. Rh2 Kf7 44. Ree2 g6 45. Rh3 Ke7 46. Kf2 Kd6 47. Ke1 Ke7 48. Kd1 Kd6 49. Kc2 Ke7 50. Kd3 Kd6 51. Rhh2 Kd7 52. a5 Nxa5 53. Ra2 c6 54. Rxa5 bxa5 55. bxc6+ Kxc6 56. c4 dxc4+ 57. Kxc4 f4 58. exf4 Rxf4 59. Re2 Kd6 60. Re5 Rxh4 61. Rxa5 Ke6 62. Rxa7 Rg4 63. Ra5 h4 64. Rb5 h3 65. Rb3 Rh4 66. Rb1 Kd6 67. Rh1 h2 68. Kd3 Kd5 69. Ke3 Rh5 70. Kf4 Kxd4 71. Kg3 Ke4 72. Rxh2 Rxh2 73. Kxh2 Kf4 74. Kh3 Kxg5 75. Kg3 Kf5 76. Kf3 g5 77. Kg3 g4 1/2-1/2

[Event "Novosibirsk Sibiria op-D"]
[Site "Novosibirsk"]
[Date "2007.07.26"]
[Round "7"]
[White "Gulin, Yury"]
[Black "Litvinov, Yuriy"]
[Result "0-1"]
[WhiteElo "1962"]
[BlackElo "2307"]
[PlyCount "118"]
[EventDate "2007.07.20"]
[EventType "swiss"]
[EventRounds "9"]
[EventCountry "RUS"]
[SourceTitle "EXT 2008"]
[Source "ChessBase"]
[SourceDate "2007.11.25"]
[SourceVersion "1"]
[SourceVersionDate "2007.11.25"]
[SourceQuality "1"]

1. e4 c5 2. c4 Nc6 3. g3 g6 4. Bg2 Bg7 5. Ne2 d6 6. Nbc3 h5 7. h3 e5 8. d3 g5 9. Nd5 f6 10. f4 gxf4 11. gxf4 Be6 12. f5 Bf7 13. Bf3 Kd7 14. Bd2 Qf8 15. Qa4 Bh6 16. Bc3 Kd8 17. Kf2 Bxd5 18. cxd5 Nd4 19. b4 Qe8 20. Qxe8+ Kxe8 21. Bxh5+ Kf8 22. Bg6 Bg5 23. Bxd4 cxd4 24. Kg3 Rc8 25. h4 Be3 26. h5 Nh6 27. Rhd1 Rc2 28. Ng1 Ke7 29. Nh3 Rhc8 30. Kf3 R8c3 31. a4 Rh2 32. Rh1 Rxh1 33. Rxh1 Rxd3 34. Nf2 Rb3 35. Ra1 Bxf2+ 36. Kxf2 Rxb4 37. Ke2 Rb3 38. Bh7 Re3+ 39. Kd2 Rxe4 40. a5 Rh4 41. Bg6 e4 42. Ra4 e3+ 43. Kd3 Kd7 44. Rb4 b6 45. axb6 axb6 46. Rxb6 Rh1 47. Rb7+ Kd8 48. Rb8+ Kc7 49. Re8 Rd1+ 50. Kc2 Rd2+ 51. Kc1 Kb6 52. Rc8 Rh2 53. Rc6+ Kb7 54. Rxd6 d3 55. Re6 d2+ 56. Kc2 Rh1 57. Rxe3 d1Q+ 58. Kc3 Qxd5 59. Rd3 Rc1+ 0-1

[Event "Novosibirsk Sibiria op-D"]
[Site "Novosibirsk"]
[Date "2007.07.23"]
[Round "4"]
[White "Litvinov, Yuriy"]
[Black "Kozhevnikov, Evgraf"]
[Result "1-0"]
[WhiteElo "2307"]
[BlackElo "1972"]
[PlyCount "79"]
[EventDate "2007.07.20"]
[EventType "swiss"]
[EventRounds "9"]
[EventCountry "RUS"]
[SourceTitle "EXT 2008"]
[Source "ChessBase"]
[SourceDate "2007.11.25"]
[SourceVersion "1"]
[SourceVersionDate "2007.11.25"]
[SourceQuality "1"]

1. d4 Nf6 2. Bf4 g6 3. e3 Bg7 4. c3 d5 5. Be2 e6 6. Nd2 Nbd7 7. h4 h5 8. Ngf3 Ng4 9. Qa4 0-0 10. Ng5 e5 11. Bg3 Nb6 12. Qb3 e4 13. 0-0 Nh6 14. a4 a5 15. c4 c6 16. c5 Nd7 17. f3 Nf5 18. Bf2 exf3 19. Ndxf3 Qc7 20. Bd3 Nf6 21. Ne5 Ng4 22. Bxf5 Bxf5 23. Bg3 f6 24. Rxf5 gxf5 25. Ne6 Qb8 26. Nxf8 Bxf8 27. Nxg4 Qxg3 28. Nxf6+ Kh8 29. Nxh5 Qc7 30. Rf1 Re8 31. Rxf5 Bh6 32. Nf4 Re4 33. Rh5 Kg7 34. Qd1 Qd7 35. Qf3 Bxf4 36. exf4 Qe6 37. Qg3+ Kf8 38. Rh8+ Ke7 39. Qg5+ Qf6 40. Re8+ 1-0

[Event "Novosibirsk Sibiria op-D"]
[Site "Novosibirsk"]
[Date "2007.07.22"]
[Round "3"]
[White "Belousova, Galina"]
[Black "Litvinov, Yuriy"]
[Result "0-1"]
[WhiteElo "1880"]
[BlackElo "2307"]
[PlyCount "78"]
[EventDate "2007.07.20"]
[EventType "swiss"]
[EventRounds "9"]
[EventCountry "RUS"]
[SourceTitle "EXT 2008"]
[Source "ChessBase"]
[SourceDate "2007.11.25"]
[SourceVersion "1"]
[SourceVersionDate "2007.11.25"]
[SourceQuality "1"]

1. d4 g6 2. c3 Bg7 3. Nf3 d5 4. e3 a6 5. Be2 Nf6 6. Nbd2 0-0 7. 0-0 b5 8. a4 bxa4 9. Qxa4 Nbd7 10. Qc6 Nb6 11. Ne5 Ra7 12. Qc5 Nfd7 13. Nxd7 Qxd7 14. Nb3 e5 15. Na5 Re8 16. Nc6 Bf8 17. Nb8 Bxc5 18. Nxd7 Nxd7 19. dxc5 Nxc5 20. Ra5 Ne4 21. Rxd5 Nd6 22. Rfd1 a5 23. c4 Bb7 24. Rc5 Ba8 25. Bd2 a4 26. Ba5 Ne4 27. Bb4 Nxc5 28. Bxc5 Rb7 29. Ba3 Rbb8 30. Rd7 Rbc8 31. c5 Bc6 32. Rd2 Rcd8 33. Rc2 Rd7 34. h3 f5 35. Kh2 h5 36. g4 hxg4 37. hxg4 f4 38. exf4 exf4 39. Bc4+ Kg7 0-1